00302pab a2200121 454500008004000000100002100040245004500061260000900106300001400115362000800129650001400137773002900151180718b2003 xxu||||| |||| 00| 0 eng d aKahneman, Daniel aA psychological perspective on economics c2003 ap.162-68. aMay aEconomics aAmerican Economic Review